| 000 | 01942cam a22004814i 4500 | ||
|---|---|---|---|
| 003 | PE-LiUPU | ||
| 005 | 20250731173257.0 | ||
| 008 | 150625s r 000 0 d | ||
| 020 | _a9589149766 | ||
| 035 | _a(Sirsi) i9789589149768 | ||
| 040 |
_aPE-LiUPU _bspa _cPE-LiUPU _erda |
||
| 049 | _aPRUA | ||
| 082 | 0 | 4 |
_a241.641 _bA74 _221 |
| 100 | 1 |
_aArmstrong, John H., _eautor. |
|
| 245 | 1 | 0 |
_aPastores caídos : _b¿pueden ser restaurados? / _cJohn H. Armstrong. |
| 264 | 1 |
_aSanta Fe de Bogota : _bCentros de Literatura Cristiana, _c1995. |
|
| 300 |
_a239 páginas ; _c21 centímetros |
||
| 336 |
_atext _2rdacontent |
||
| 337 |
_aunmediated _2rdamedia |
||
| 338 |
_avolume _2rdacarrier |
||
| 504 | _aIncluye bibliografía. | ||
| 505 | 0 | _aEscándalo en la iglesia.- ¿Perdonar y olvidar?.- No todos los pecados se originan de la misma manera.- Pecado sexual: una exégesis bíblica.- ¿Calificado?.- ¿Descalificado?.- Y ahora una palabra del pasado.-El caso para remoción pastoral.- El corazón del asunto.-¿Cómo restauraremos al hombre caído?.- Defensa contra la inmoralidad.- Seis propuestas y una solicitud de reforma. | |
| 526 | _aSEG42 | ||
| 526 | _aSEG41 | ||
| 526 | _aSEG40 | ||
| 526 | _aSEG39 | ||
| 526 | _aP94 | ||
| 526 | _aP87 | ||
| 526 | _aP86 | ||
| 526 | _aP85 | ||
| 526 | _aP77 | ||
| 526 | _aP76 | ||
| 526 | _aP35 | ||
| 541 | _g003-0002819; | ||
| 650 | 0 | 4 |
_aClerigos _xEtica profesional. |
| 650 | 0 | 4 | _aEtica pastoral. |
| 650 | 0 | 4 | _aPastores y sexo. |
| 942 |
_2ddc _cBOOK |
||
| 949 |
_a241.641 A74 _wDEWEY _c1 _i53782 _lCCODEBUL1 _mBUL _p11.00 _r0 _sY _tBOOK _u2015-6-25 _xTEOLOGIA _zUNKNOWN _0COMPRA _o.STAFF. Colección General |
||
| 994 |
_aC0 _bPEPRU |
||
| 596 | _a1 | ||
| 999 |
_a241.641 A74 _wDEWEY _c43890 _i53782 _f2021-11-10 _g5 _lCCODEBUL1 _mBUL _p11.00 _r0 _sY _tBOOK _u2015-6-25 _xTEOLOGIA _zUNKNOWN _0COMPRA _o.STAFF. Colección General _d43890 |
||
| 980 |
_81 _gALBERTO SANCHEZ Responsable de Automatización |
||